Metódy vylúčenia medzinárodného dvojitého zdanenia s príkladmi

Vznik dvojitého zdanenia. Opatrenia na vylúčenie medzinárodného dvojitého zdanenia. Metóda zápočtu - credit. Metóda vyňatia - exemption. Najvýhodnejšia metóda - vyňatie príjmov zo zdanenia v štáte príjemcu - v SR.

Guardado en:
Detalles Bibliográficos
Formato: Capítulo de libro
Lenguaje:eslovaco
Materias:
Etiquetas: Agregar Etiqueta
Sin Etiquetas, Sea el primero en etiquetar este registro!

MARC

LEADER 00000naa a2200000 4500
001 r048452
005 20230927071542.7
041 0 |a slo 
044 |a SK 
245 1 0 |a Metódy vylúčenia medzinárodného dvojitého zdanenia s príkladmi 
520 |a Vznik dvojitého zdanenia. Opatrenia na vylúčenie medzinárodného dvojitého zdanenia. Metóda zápočtu - credit. Metóda vyňatia - exemption. Najvýhodnejšia metóda - vyňatie príjmov zo zdanenia v štáte príjemcu - v SR. 
610 2 0 |a zdanenie dvojité 
610 2 0 |a opatrenia 
610 2 0 |a metódy